01601nam a22003977a 4500003000500000005001700005008004100022010001000063011001000073035001000083040000900093090001000102100004900112245011000161260004000271300002000311502007100331590003700402590004100439590004100480590004100521590004100562590004200603650002700645650003200672650002200704650004600726650003900772901000700811942000900818949004300827949005500870999001700925952013300942952012801075CHAP20220329140817.0971013s1995 r 00010 d a58008 a58980 a63137 cCHAP aTesis00aSánchez Carrillo, Fabián Ulises.9107401 aEtnia y recursos naturales en la Sierra Mazateca, municipio de San José Independencia, Oaxaca, México aChapingo, Méx. :bEl autor,c1995 a106 h.b: ilus. aTesis (Ing. en Agroecología) -- UACH. Programa en Agroecología aALEPHb10c20130110lUCH01h1336 aBATCH-UPDb10c20130110lUCH01h0420 aBATCH-UPDb10c20130110lUCH01h2031 aBATCH-UPDb10c20130410lUCH01h0055 aBATCH-UPDb10c20130914lUCH01h0808 aCONVERSIONb10c20130109lUCH01h133114aCafeticultores.91708014aCampesinadozOaxaca.91805614aMazatecos.97331214aRecursos naturalesxUtilización.99532114aRecursos naturaleszOaxaca.995332 aBK cFOLL bBCcTESd-135497eTS1h28535i63137si bBCcTESd33724000079547eTS2fc.2h28536i63137si c58008d58008 00102local4053708TESISaBCbBCcPA_TESISd2019-12-31fTESISl0p33724000079547r2019-12-31 00:00:00tc.2w2019-12-31yTESIS 00102local4051708TESISaBCbBCcPA_TESISd2019-12-31fTESISl0oTesisp-135497r2019-12-31 00:00:00w2019-12-31yTESIS